Gaming Quiz

Random Gaming Quiz
Score 0/48 Timer 10:00
1 Play Today
% Correct
Karate Man
87.2%
The Clappy Trio
75.5%
Remix 1
74.5%
Spaceball
71.3%
Remix 2
70.2%
Remix 4
70.2%
Remix 5
70.2%
Remix 6
70.2%
Space Dance
69.1%
Remix 3
69.1%
Night Walk
69.1%
Polyrhythm
69.1%
Tap Trial
69.1%
Rap Men
68.1%
Marcher
67%
Sneaky Spirits
67%
The ★ Bon Odori
67%
Remix 7
67%
Remix 8
67%
Ninja
63.8%
Fireworks
63.8%
Bon Dance
63.8%
Rap Women
63.8%
Karate Man 2
63.8%
% Correct
Toss Boys
61.7%
Vegeta-Pull
60.6%
Samurai Slice
60.6%
Tram and Pauline
57.4%
Bunny Hop
56.4%
Polyrhythm 2
56.4%
Quiz
55.3%
Power Calligraphy
53.2%
Marcher 2
52.1%
Spaceball 2
52.1%
Night Walk 2
50%
Sneaky Spirits 2
50%
Wizard's Waltz
48.9%
Showtime
48.9%
Dr. Bacteria
47.9%
Hopping Road
47.9%
Toss Boys 2
47.9%
Desendant of Ninja
46.8%
Vegeta-Pull 2
46.8%
Cosmos Dance
44.7%
Cheese Heist
42.6%
Trio on Tour
40.4%
Hopping Road 2
37.2%
Super Tap Trial
33%
Remove Ads.
Support Sporcle.
Get the best of Sporcle when you Go Orange. This ad-free experience offers more features, more stats, and more fun while also helping to support Sporcle. Thank you for becoming a member.

You're not logged in!

Compare scores with friends on all Sporcle quizzes.
OR
Log In

Show Comments

Extras

Created Dec 28, 2014ReportNominate
Tags:Rhythm Heaven

Top Quizzes Today


Score Distribution

Your Account Isn't Verified!

In order to create a playlist on Sporcle, you need to verify the email address you used during registration. Go to your Sporcle Settings to finish the process.

Report this User

Report this user for behavior that violates our Community Guidelines.

Details: